000 00312nam a2200133Ia 4500
005 20251222144910.0
008 251222s9999||||xx |||||||||||||| ||spa||
020 _a84-8130-121-3
082 _a828.92/H97
100 _aHuxley, Aldous Leonard
245 0 _aUn Mundo Feliz
264 _bEl Comercio
942 _cLIB
999 _c22299
_d22299